00578 2200193 4500001002100000005001500021035002000036245012300056100001600179300003000195260003600225082001100261084001700272020002200289600002200311990001700333990001700350990001700367INLIS00000000000114820250901111017 a0010-09250000021 aRahasia Strategi Bisnis Rasulullah SAW : Perjalanan Bisnis Rasulullah SAW Dan Strategi Bisnis Anti Rugi /cUmi Dillah0 aDillah, Umi a187 hlm ;c12,5 X 18,5 cm aYogyakarta :bYash Media,c2024 a297.63 a297.63 DIL r a978-623-09-9449-4 4aBisnis Rasulullah a3838/PP/2025 a3839/PP/2025 a3840/PP/2025